| 000 | 00655nam a22002177a 4500 | ||
|---|---|---|---|
| 003 | OSt | ||
| 005 | 20260128073033.0 | ||
| 008 | 260128b |||||||| |||| 00| 0 eng d | ||
| 020 | _a978-971-92885-6-5. | ||
| 040 |
_aDWCL-Main lib _cOC |
||
| 082 |
_22nd ed. _aFil. |
||
| 100 | _aBuitre, Artemio M. | ||
| 245 |
_aOrthopedic nursing manual/ _cBuitre, Artemio M. |
||
| 260 |
_aQuezon City : _bWiseman's Books Trading, _cc2006. |
||
| 300 |
_a167 p. : _bill. ; _c25 cm. |
||
| 504 | _aIncludes bibliographical references. | ||
| 650 | _a1. Nursing. | ||
| 650 | _a2. Orthopedics. | ||
| 700 | _dAlparce, Bebian M. | ||
| 942 |
_2ddc _cBK - FIL _e2nd ed. _hFil. _n0 |
||
| 999 |
_c7908 _d7908 |
||